El contrato de transporte : (Registro nro. 7406)

Detalles MARC
000 -LEADER
fixed length control field 01202nam a22002297a 4500
003 - CONTROL NUMBER IDENTIFIER
control field OSt
005 - DATE AND TIME OF LATEST TRANSACTION
control field 20210302115337.0
008 - FIXED-LENGTH DATA ELEMENTS--GENERAL INFORMATION
fixed length control field 210302s1996 ck ||||gr|||| 00| 0 spa d
040 ## - CATALOGING SOURCE
Original cataloging agency CO-JMCR
Transcribing agency CO-JMCR
041 0# - LANGUAGE CODE
Language code of text/sound track or separate title spa
082 04 - DEWEY DECIMAL CLASSIFICATION NUMBER
Classification number 343.861093 /
Item number L435c
Edition number 23
100 1# - MAIN ENTRY--PERSONAL NAME
Personal name Leal Pérez, Hildebrando,
Relator term autor
9 (RLIN) 14221
245 13 - TITLE STATEMENT
Title El contrato de transporte :
Remainder of title transporte terrestre, aéreo y marítimo, transporte de carga, pasajeros y equipaje, responsabilidad derivada del contrato de transporte /
Statement of responsibility, etc. Hildebrando Leal Pérez
250 ## - EDITION STATEMENT
Edition statement Primera edición
260 ## - PUBLICATION, DISTRIBUTION, ETC.
Place of publication, distribution, etc. Bogotá :
Name of publisher, distributor, etc. Leyer,
Date of publication, distribution, etc. 1996
300 ## - PHYSICAL DESCRIPTION
Extent 303 páginas ;
Dimensions 24 cm.
505 0# - FORMATTED CONTENTS NOTE
Formatted contents note El contrato de transporte en general -- El contrato de transporte terrestre -- El contrato de transporte aéreo -- El contrato de transporte marítimo -- Responsabilidad derivada del contrato de transporte -- Jurisprudencia sobre responsabilidad en el contrato de transporte
520 3# - SUMMARY, ETC.
Summary, etc. Concibe el contrato de transporte los elementos sustanciales y los aspectos procesales y jurisprudenciales que se relacionan con el tema.
650 14 - SUBJECT ADDED ENTRY--TOPICAL TERM
Topical term or geographic name entry element Transportistas
Geographic subdivision Colombia
9 (RLIN) 14231
650 14 - SUBJECT ADDED ENTRY--TOPICAL TERM
Topical term or geographic name entry element Ley y legislación
Geographic subdivision Colombia
9 (RLIN) 14232
942 ## - ADDED ENTRY ELEMENTS (KOHA)
Source of classification or shelving scheme Dewey Decimal Classification
Koha item type Books
Existencias
Withdrawn status Lost status Source of classification or shelving scheme Damaged status Not for loan Home library Current library Shelving location Date acquired Source of acquisition Total Checkouts Full call number Barcode Date last seen Copy number Price effective from Koha item type
    Dewey Decimal Classification     Biblioteca Pública José María del Castillo y Rada Biblioteca Pública José María del Castillo y Rada General Stacks 02/25/2021 Donación   343.861093 / L435c 201810630 05/16/2024 Ej.1 02/25/2021 Books